000 01640cam a2200277 4500
001 LT123606
008 030916n2001 000 0 eng u
035 _a(Sirsi) u123606
245 _aAbacona Investments Ltd v Ann Elizabeth Wright, Jane Rosemary Stirling and Gordon John Trinder (Executors of the will of Eileen Elizabeth Yardley deceased)
_h[electronic resource]
260 _c2001
520 _aLRA/23/2000, 22 February 2001. Appeal by landlords (A) of a long leasehold flat against the LVT determination on firstly the premium under the Leasehold Reform Housing and Urban Development Act 1993 Sched 13 for the grant of a new lease and secondly with regards to the amount of the A's valuation costs payable by the tenant under s60(1)(b) of the Act. The tenant Mrs Yardley died on 17 January 2001 and the executors of her will were substituted as respondents. 17 February 2000 is the agreed valuation date for purposes of appeal. The LT increased the premium payable by tenant but upheld the LVT award of valuation costs. Appeal allowed in part.
650 _aABACONA INVESTMENTS LTD V YARDLEY'S EXECUTORS
650 _aLEASEHOLD REFORM, HOUSING AND URBAN DEVELOPMENT ACT 1993 S60
650 _aLEASEHOLD REFORM, HOUSING AND URBAN DEVELOPMENT ACT 1993 SCHED 13
650 _aFLATS
650 _aNEW LEASES
650 _aPREMIUM
650 _aValuation
_96273
650 _aMARRIAGE VALUE
650 _aYIELDS
650 _aCOSTS
650 _aCOMPENSATION
690 _aLANDLORD AND TENANT-LEASES-CASE LAW
856 _uhttps://case-law.vlex.co.uk/vid/-55338288
_zView decision at case-law.vlex.co.uk
942 _n0
999 _c73404
_d73404